Benfica players since 2000 - Statistics

General Stats
  • This quiz has been taken 43 times
  • The average score is 118 of 327
Answer Stats
Ranking Player Positions Nationality Matches Goals Assists Periods % Correct
14 Nicolás Otamendi DF 148 10 4 2020-2025
100%
5 Álex Grimaldo DF, MF 197 19 48 2015-2023
97%
20 Ángel Di María MF, FW 129 24 31 2007-2009, 2023-2025
97%
84 Armando Sá DF 48 1 0 2001-2004
97%
36 António Silva DF 83 6 2 2022-2025
94%
125 Diogo Luís DF 26 0 0 2000-2002
94%
237 Éder Luís MF, FW 6 1 0 2009-2010
94%
26 Florentino Luís MF 110 3 4 2018-2019, 2022-2025
94%
1 Luisão DF 337 26 5 2003-2018
94%
3 Maxi Pereira DF 212 13 25 2007-2015
94%
13 Odisseas Vlachodimos GK 152 0 0 2018-2024
90%
4 Rafa Silva MF, FW 206 64 47 2016-2024
90%
60 Anatolii Trubin GK 60 0 0 2023-2025
87%
301 Bernardo Silva MF, FW 1 0 0 2013-2014
87%
21 Haris Seferović FW 120 57 18 2017-2022
87%
8 Óscar Cardozo FW 175 112 24 2007-2014
87%
57 Alexander Bah DF 65 3 8 2022-2025
84%
33 Fredrik Aursnes DF, MF, FW 90 7 16 2022-2025
84%
63 Orkun Kökçü MF 60 14 15 2023-2025
84%
97 Rui Costa MF 43 5 6 2006-2008
84%
17 Jonas FW 132 110 27 2014-2019
81%
47 Julian Weigl DF, MF 77 3 3 2019-2023
81%
16 Andreas Samaris DF, MF 132 5 6 2014-2021
77%
68 Darwin Núñez MF, FW 57 32 13 2020-2022
77%
102 Ederson GK 37 0 0 2015-2017
77%
12 Nicolás Gaitán MF, FW 152 25 51 2010-2016
77%
7 Nuno Gomes FW 191 66 12 2002-2011
77%
2 Pizzi MF, FW 234 64 65 2014-2022
77%
106 Renato Sanches MF, FW 34 2 1 2015-2016, 2024-2025
77%
169 Enzo Fernández MF 17 1 5 2022-2023
74%
69 Jan Vertonghen DF 57 0 2 2020-2023
74%
126 João Félix MF, FW 26 15 7 2018-2019
74%
115 Kerem Aktürkoğlu MF, FW 30 11 9 2024-2025
74%
24 Ljubomir Fejsa MF 114 1 0 2013-2020
74%
32 Rúben Dias DF, MF 91 9 3 2017-2021
74%
42 Adel Taarabt MF, FW 79 2 8 2018-2022
71%
6 André Almeida DF, MF 193 9 31 2011-2022
71%
37 David Luiz DF, MF 82 5 3 2006-2011
71%
52 Enzo Pérez MF 70 9 11 2011-2015
71%
62 Kostas Mitroglou FW 60 36 6 2015-2017
71%
40 Raúl Jiménez FW 80 18 6 2015-2018
71%
326 Rodrigo Mora FW 1 0 0 2011-2012
71%
107 Vangelis Pavlidis MF, FW 34 19 7 2024-2025
71%
149 Andreas Schjelderup MF, FW 21 1 3 2022-2023, 2024-2025
68%
30 João Mário MF, FW 94 23 11 2021-2025
68%
67 João Pereira DF, MF 58 4 3 2003-2006
68%
70 Júlio César GK 57 0 0 2014-2018
68%
155 Júlio César DF 20 3 0 2001-2002
68%
260 Júlio César GK 4 0 0 2010-2011
68%
292 Nuno Felix MF 2 0 0 2024-2025
68%
27 Pablo Aimar MF 107 12 31 2008-2013
68%
243 Alfa Semedo MF 5 0 0 2018-2019
65%
93 Álvaro Carreras DF, MF, FW 43 4 2 2023-2025
65%
44 Carlos Martins MF 79 6 6 2008-2010, 2012-2013
65%
10 Eduardo Salvio MF, FW 166 38 30 2010-2011, 2012-2019
65%
58 Gonçalo Ramos MF, FW 64 30 3 2019-2023
65%
179 Jan Oblak GK 16 0 0 2013-2014
65%
11 Jardel DF 165 11 7 2010-2021
65%
96 Nélson Semedo DF, MF 43 2 2 2015-2017
65%
185 André Gomes MF 14 2 0 2012-2014
61%
220 Henrique Araújo FW 9 3 0 2021-2023
61%
53 Javier Saviola FW 69 24 17 2009-2012
61%
34 Lima FW 89 53 16 2012-2015
61%
325 Pedro Pereira FW 1 0 0 2016-2017
61%
19 Quim GK 131 0 0 2004-2010
61%
119 Bruno Varela GK 29 0 0 2017-2018
58%
74 David Neres MF, FW 55 11 15 2022-2024
58%
45 Ezequiel Garay DF 78 9 0 2011-2014
58%
23 Franco Cervi DF, MF, FW 114 11 12 2016-2021
58%
79 João Neves DF, MF, FW 50 4 1 2022-2024
58%
120 Luca Waldschmidt MF, FW 29 9 2 2020-2022
58%
71 Nemanja Matić MF 56 6 0 2011-2014
58%
92 Tomás Araújo DF 44 2 2 2021-2022, 2023-2025
58%
109 Axel Witsel DF, MF 32 1 3 2011-2013
55%
110 Bruno César MF, FW 32 9 2 2011-2013
55%
111 Gedson Fernandes DF, MF, FW 32 0 2 2018-2019, 2021-2022
55%
219 Gianluca Prestianni MF, FW 9 0 0 2023-2025
55%
50 Javi García DF, MF 74 6 3 2009-2013
55%
275 José Gomes DF, FW 3 0 0 2016-2017
55%
288 José Luis Fernández MF 2 0 0 2010-2011
55%
123 Leandro Barreiro Martins MF 27 3 1 2024-2025
55%
226 Samuel Soares GK 8 0 0 2022-2025
55%
73 Andrija Živković MF, FW 55 3 10 2016-2020
52%
200 Gil Bastião Dias DF, MF, FW 12 1 1 2021-2022
52%
127 Lazar Marković MF, FW 26 5 5 2013-2014
52%
108 Lisandro López DF 33 4 1 2014-2018
52%
54 Rodrigo MF, FW 68 27 9 2011-2014
52%
134 Roman Yaremchuk FW 25 6 3 2021-2023
52%
31 Rúben Amorim MF 94 5 4 2008-2011, 2013-2015
52%
9 Simão Sabrosa MF 172 76 34 2001-2007
52%
186 Andrea Belotti FW 14 3 0 2024-2025
48%
82 Arthur Cabral FW 49 8 0 2023-2025
48%
35 Artur Moraes GK 85 0 0 2011-2015
48%
315 Gustavo Varela FW 1 0 0 2023-2024
48%
39 Kostas Katsouranis DF, MF 80 10 5 2006-2009
48%
128 Lucas Veríssimo DF 26 5 1 2020-2023
48%
262 Luís Martins DF 4 0 0 2011-2012
48%
28 Mantorras FW 101 29 0 2001-2002, 2004-2009
48%
55 Manuel Fernandes MF 67 3 2 2003-2006
48%
240 Mile Svilar GK 6 0 0 2017-2021
48%
87 Morato DF 47 1 1 2020-2025
48%
91 Petar Musa FW 44 12 4 2022-2024
48%
209 Samuel Dahl DF, MF 11 0 4 2024-2025
48%
143 Zeki Amdouni MF, FW 24 7 2 2024-2025
48%
297 André Luís Garcia DF 1 0 0 2004-2005
45%
269 César GK, DF 3 0 0 2014-2015
45%
46 Chiquinho MF, FW 77 5 4 2019-2020, 2022-2024
45%
61 Gonçalo Guedes MF, FW 60 6 9 2014-2016, 2022-2024
45%
318 João Cancelo DF, MF 1 0 0 2013-2014
45%
75 Ola John MF, FW 54 3 10 2012-2016
45%
242 Paulo Almeida MF 6 0 0 2004-2005
45%
174 Paulo Bernardo MF 17 0 0 2021-2022
45%
264 Paulo Lopes GK 4 0 0 2013-2014, 2015-2017
45%
86 Victor Lindelöf DF 48 2 0 2013-2014, 2015-2017
45%
255 Caio Lucas Fernandes MF 4 1 0 2019-2020
42%
207 Dyego Sousa MF, FW 11 0 1 2019-2020
42%
89 Giorgos Karagounis MF 45 3 1 2005-2007
42%
85 João Pinto DF 48 4 4 2001-2003
42%
191 Laurent Robert MF, FW 13 2 2 2005-2006
42%
130 Ramires MF 26 4 3 2009-2010
42%
232 Raúl de Tomás FW 7 0 0 2019-2020
42%
150 Casper Tengstedt FW 21 4 2 2022-2024
39%
99 Fabrizio Miccoli FW 39 14 6 2005-2007
39%
170 Filip Krovinović MF 17 1 1 2017-2019
39%
56 Gilberto DF, MF 66 4 5 2020-2023
39%
166 Guilherme Siqueira DF, MF 18 1 1 2013-2014
39%
319 João Ferreira DF, MF 1 0 0 2020-2021
39%
287 John Brooks DF 2 0 0 2022-2023
39%
141 Miguel Vítor DF 24 0 0 2007-2009, 2011-2013
39%
327 Steven Vitória DF 1 0 0 2013-2014
39%
163 Tiago Gouveia MF, FW 19 3 5 2021-2022, 2023-2025
39%
136 Cristian Rodríguez MF 24 6 4 2007-2008
35%
306 Diego Moreira DF, MF, FW 1 0 0 2021-2022
35%
65 Everton Soares MF, FW 59 10 13 2020-2022
35%
95 Francisco Reis Ferreira DF 43 3 0 2018-2021
35%
172 Helton Leite GK 17 0 0 2020-2022
35%
320 Jonathan Rodríguez MF, FW 1 0 0 2014-2015
35%
129 Maniche MF 26 1 0 2000-2001
35%
252 Marco Ferreira MF 5 0 1 2005-2006
35%
132 Nuno Tavares DF, MF 25 1 4 2019-2021
35%
180 Paulo Cabral DF 16 0 0 2001-2003
35%
133 Roberto GK 25 0 0 2010-2011
35%
76 Talisca MF, FW 53 12 1 2014-2016
35%
210 André Horta MF, FW 10 1 1 2016-2017
32%
59 Diogo Gonçalves DF, MF, FW 61 1 7 2017-2018, 2020-2023
32%
77 Fábio Coentrão DF, FW 52 2 9 2007-2008, 2009-2011
32%
188 Jan-Niklas Beste DF, MF, FW 13 0 1 2024-2025
32%
25 José Moreira GK 112 0 0 2001-2006, 2008-2009, 2010-2011
32%
276 Juan Bernat DF, MF, FW 3 0 0 2023-2024
32%
214 Julian Draxler MF, FW 10 1 0 2022-2023
32%
277 Leandro Santos DF, MF 3 0 0 2024-2025
32%
151 Lorenzo Melgarejo DF, FW 21 2 3 2012-2013
32%
290 Luka Jović MF, FW 2 0 0 2015-2017
32%
201 Manú MF 12 0 0 2006-2007
32%
278 Manuel Manu DF, MF 3 0 1 2024-2025
32%
116 Miklós Fehér FW 30 7 2 2002-2004
32%
104 Nolito MF, FW 35 12 7 2011-2013
32%
15 Petit MF 148 12 25 2002-2008
32%
78 Robert Enke GK 51 0 0 2000-2002
32%
193 Sílvio DF 13 0 2 2013-2016
32%
168 Valentino Lazaro DF, MF, FW 18 0 1 2021-2022
32%
164 Benjamín Rollheiser MF, FW 18 2 1 2023-2025
29%
236 David Jurásek DF 6 0 0 2023-2024
29%
48 Eliseu DF, MF 75 4 4 2014-2018
29%
121 Franco Jara FW 28 6 2 2010-2011, 2014-2015
29%
112 João Tomás FW 32 17 0 2000-2002
29%
160 Jota MF, FW 19 0 1 2019-2020
29%
38 Léo DF 82 1 7 2005-2009
29%
140 Manuel dos Santos DF 24 0 1 2004-2006
29%
173 Marcos Leonardo MF, FW 17 8 0 2023-2025
29%
183 Miralem Sulejmani MF, FW 15 1 2 2013-2015
29%
202 Nélson Oliveira FW 12 0 2 2011-2012
29%
324 Nuno Santos DF, MF, FW 1 0 0 2015-2016
29%
22 Ricardo Rocha DF 115 3 4 2002-2007
29%
204 Tomás Tavares DF 12 0 0 2019-2020
29%
296 Adrian Bajrami DF 1 0 0 2024-2025
26%
152 André Carrillo MF, FW 20 2 1 2016-2017
26%
300 Bebé MF, FW 1 0 0 2014-2015
26%
211 Bruma MF, FW 10 1 2 2024-2025
26%
105 Carlos Vinícius MF, FW 34 18 5 2019-2022
26%
113 César Peixoto DF, MF 31 0 2 2009-2011
26%
305 Cristian Lema DF 1 0 0 2018-2019
26%
66 Gabriel MF 59 3 5 2018-2021
26%
256 Germán Conti DF 4 0 0 2018-2019
26%
285 Hélio Pinto MF 2 0 0 2003-2004
26%
274 Issa Kaboré DF, MF, FW 3 0 0 2024-2025
26%
248 Joan Capdevila DF 5 1 0 2011-2012
26%
263 Nicolás Castillo FW 4 0 0 2018-2019
26%
162 Pedrinho MF, FW 19 0 0 2020-2021
26%
90 Sidnei DF 45 6 1 2008-2011
26%
298 Andrés Díaz MF 1 0 0 2007-2008
23%
227 Bryan Cristante DF, MF 7 0 0 2014-2016
23%
307 Diogo Prioste MF 1 0 0 2024-2025
23%
309 Eduardo Carvalho GK 1 0 0 2011-2012
23%
238 Facundo Ferreyra MF, FW 6 1 0 2018-2019, 2020-2021
23%
199 Filip Đuričić MF, FW 12 0 1 2013-2014, 2015-2016
23%
224 Ivan Cavaleiro MF, FW 8 0 1 2013-2014
23%
228 João Carvalho MF, FW 7 0 1 2017-2018
23%
182 Jonathan Urretaviscaya MF, FW 15 2 0 2008-2009, 2012-2013
23%
139 José Antonio Reyes MF 24 4 0 2008-2009
23%
190 Karel Poborský MF 13 1 0 2000-2001
23%
225 Mihailo Ristić DF, MF 8 1 1 2022-2024
23%
241 Nemanja Radonjić DF, MF, FW 6 0 0 2021-2022
23%
233 Roderick Miranda DF 7 0 0 2010-2011, 2012-2013
23%
253 Rodrigo Pinho MF, FW 5 1 0 2021-2023
23%
295 Sébastien Corchia DF, MF 2 0 0 2018-2019
23%
41 Zlatko Zahovič MF, FW 80 14 5 2001-2005
23%
144 Alan Kardec FW 23 3 0 2009-2010, 2012-2013
19%
235 Bruno Cortez DF 6 0 0 2013-2014
19%
196 Derlei FW 12 1 0 2006-2007
19%
138 Emerson DF 24 0 1 2011-2012
19%
171 Filipe Augusto MF 17 0 1 2016-2018
19%
317 Hany Mukhtar MF, FW 1 0 0 2014-2015
19%
131 Hassan Yebda MF 25 1 1 2008-2009
19%
286 João Victor DF 2 0 0 2023-2024
19%
158 Jorge Ribeiro DF, MF 19 1 0 2001-2002, 2008-2009
19%
289 Loris Benito DF 2 0 0 2014-2015
19%
156 Mehdi Carcela MF, FW 20 2 3 2015-2016
19%
72 Nuno Assis MF 56 3 1 2004-2008
19%
293 Rogelio Funes Mori FW 2 0 0 2013-2014
19%
254 Romeu Ribeiro MF 5 0 0 2007-2008
19%
280 Sérgio Nunes DF 3 0 0 2000-2001
19%
282 Yannick Djaló MF, FW 3 0 0 2011-2012
19%
135 Abdel Sattar Sabry MF 24 3 0 2000-2001
16%
157 Airton DF, MF 19 0 0 2009-2011
16%
114 Beto DF, MF 30 0 1 2005-2007
16%
303 Cher Ndour DF, MF 1 0 0 2022-2023
16%
283 Danilo Barbosa DF, MF 2 0 0 2016-2017
16%
195 David Suazo FW 12 4 7 2008-2009
16%
176 Derley FW 16 1 2 2014-2015
16%
308 Diogo Spencer DF 1 0 0 2023-2024
16%
245 Douglas DF 5 0 0 2017-2018
16%
197 Edgaras Jankauskas FW 12 8 0 2001-2002
16%
198 Felipe Menezes MF 12 0 0 2009-2011
16%
88 Fernando Meira DF, MF 46 2 0 2000-2002
16%
313 Gabriel Barbosa MF, FW 1 0 0 2017-2018
16%
272 Guillermo Celis MF 3 0 0 2016-2017
16%
213 Javier Balboa MF, FW 10 0 1 2008-2009
16%
258 João Rêgo MF, FW 4 0 0 2023-2025
16%
159 José Calado MF 19 0 0 2000-2001
16%
250 Keirrison FW 5 0 0 2009-2010
16%
147 Luís Filipe DF, MF 23 0 1 2007-2008, 2009-2011
16%
161 Marcelo Moretto GK 19 0 0 2005-2007
16%
322 Martim Neto MF 1 0 0 2021-2022
16%
323 Martin Chrien MF 1 0 0 2017-2018
16%
187 Paulo Jorge MF 14 1 0 2006-2007
16%
175 Soualiho Meïté DF, MF 17 0 0 2021-2022
16%
118 Takis Fyssas DF 30 0 2 2003-2005
16%
49 Tiago Mendes MF 75 19 5 2001-2004
16%
181 Weldon FW 16 5 0 2009-2011
16%
83 Anderson DF 48 4 2 2005-2007
13%
205 Andrei Karyaka MF 11 2 0 2005-2007
13%
268 Ariza Makukula FW 3 0 0 2007-2008
13%
302 Branimir Kalaica DF 1 1 0 2016-2017
13%
194 Carlos Bossio GK 12 0 0 2000-2001, 2002-2004
13%
244 Dani MF, FW 5 0 0 2000-2001
13%
310 Eduardo Simões DF 1 0 0 2002-2003
13%
312 Fellipe Bastos MF 1 1 0 2008-2009
13%
208 Freddy Adu MF, FW 11 2 0 2007-2008
13%
29 Geovanni MF, FW 94 17 13 2002-2006
13%
247 Geraldo Alves DF 5 0 0 2000-2001
13%
146 Gilles Binya MF 23 0 0 2007-2009
13%
271 Gonzalo Bergessio FW 3 0 0 2007-2008
13%
316 Hans-Jörg Butt GK 1 0 0 2007-2008
13%
98 Hélder DF 41 2 0 2002-2004
13%
259 José Shaffer DF 4 0 0 2009-2010
13%
261 Keaton Parks MF 4 0 0 2017-2018
13%
239 Lionel Carole DF, FW 6 0 0 2010-2011
13%
251 Luisinho DF 5 1 0 2012-2013
13%
321 Marcelo Hermes DF 1 0 0 2016-2017
13%
51 Nélson Marcos DF 72 1 10 2005-2008
13%
203 Paulo Madeira DF 12 0 0 2000-2001
13%
294 Sandro Cruz DF, MF, FW 2 0 0 2021-2022
13%
148 Alcides DF 21 0 1 2004-2007
10%
184 Alex DF, MF 14 0 0 2003-2004
10%
81 Anders Andersson MF, FW 49 1 1 2001-2004
10%
122 Azar Karadas DF, FW 27 4 5 2004-2005
10%
304 Clésio Baúque DF, MF, FW 1 0 0 2015-2016
10%
137 Cristiano Roland DF 24 1 0 2002-2004
10%
270 Cristián Uribe MF 3 0 0 2000-2001
10%
177 Edcarlos DF 16 0 0 2007-2008
10%
223 Francisco Fonseca FW 8 1 0 2006-2007
10%
314 Gustavo Marques DF 1 0 0 2023-2024
10%
189 João Coimbra MF 13 0 0 2005-2007
10%
229 László Sepsi DF 7 0 1 2007-2008
10%
124 Marco Caneira DF 27 0 0 2001-2002
10%
291 Marco Zoro DF 2 1 0 2007-2008
10%
117 Pierre van Hooijdonk FW 30 19 0 2000-2001
10%
221 Ricardo Ismael Rojas DF 9 0 0 2000-2001
10%
192 Rui Baião MF 13 1 0 2000-2002
10%
265 Rui Nereu GK 4 0 0 2005-2006
10%
234 Serhiy Kandaurov MF 7 0 0 2000-2001
10%
64 Tomo Šokota FW 60 21 4 2001-2005
10%
281 Victor Andrade MF, FW 3 0 0 2015-2016
10%
216 Alejandro Escalona DF 9 0 0 2000-2001
6%
217 Alves Carlitos FW 9 1 1 2002-2004
6%
218 André Neles FW 9 1 0 2000-2001
6%
267 Andrija Delibašić FW 3 0 0 2004-2005
6%
43 Argel Fucks DF 79 6 0 2001-2005
6%
165 Bruno Aguiar MF 18 0 0 2004-2005
6%
101 Carlitos MF 37 4 0 2000-2002
6%
206 Carlitos MF, FW 11 0 0 2004-2006
6%
153 Carlos Marchena DF, MF 20 2 0 2000-2001
6%
145 Chano MF 23 2 0 2000-2001
6%
246 Éder Bonfim DF 5 0 1 2002-2003
6%
94 Ednilson MF 43 0 0 2000-2003
6%
212 Emanuele Pesaresi DF 10 0 0 2001-2002
6%
284 Emílio Peixe MF 2 0 0 2002-2003
6%
222 Eurípedes Amoreirinha DF 8 0 0 2004-2005
6%
311 Everson MF 1 0 0 2004-2005
6%
100 Fernando Aguiar MF 38 3 1 2001-2002, 2003-2004
6%
178 Gustavo Manduca MF, FW 16 1 0 2005-2006
6%
273 Hélio Roque MF 3 0 0 2005-2006
6%
257 Hugo Porfírio MF, FW 4 0 0 2001-2002
6%
154 Ivan Dudić DF 20 0 0 2000-2001
6%
249 João Mawete FW 5 2 0 2001-2002
6%
80 Ljubinko Drulović MF, FW 50 5 2 2001-2003
6%
167 Luís Andrade MF 18 0 0 2001-2003
6%
230 Marcel Augusto Ortolan FW 7 0 2 2005-2006
6%
231 Miguelito DF 7 0 0 2006-2007
6%
18 Miguel Monteiro DF 131 12 2 2000-2005
6%
279 Pepa FW 3 0 0 2001-2002
6%
215 Ricardo Esteves DF, MF 10 0 0 2000-2001
6%
103 Roger Galera Flores MF 36 6 0 2000-2001, 2002-2004
6%
142 Ronaldo Guiaro DF 24 1 0 2000-2001
6%
266 Toy FW 4 0 0 2000-2001
6%
299 António Pedro de Brito Lopes DF 1 0 0 2001-2002
3%
No matching quizzes found
Score Distribution
Percent of People with Each Score
Percentile by Number Answered
Your Score History
You have not taken this quiz